<?xml version="1.0" encoding="UTF-8"?>
<collection xmlns:xsi="http://www.w3.org/2001/XMLSchema-instance" xsi:schemaLocation="http://www.loc.gov/MARC21/slim http://www.loc.gov/standards/marcxml/schema/MARC21slim.xsd" xmlns="http://www.loc.gov/MARC21/slim">
 <record>
  <leader>00000cam a22000003i 4500</leader>
  <controlfield tag="001">UP-1685594773862137648</controlfield>
  <controlfield tag="003">Buklod</controlfield>
  <controlfield tag="005">20240215103153.0</controlfield>
  <controlfield tag="006">g||| |     ||   ||</controlfield>
  <controlfield tag="007">ta</controlfield>
  <controlfield tag="008">181127s2015    nyua    rb   |001 0|eng d</controlfield>
  <datafield tag="020" ind1=" " ind2=" ">
   <subfield code="a">9781493926831 (hbk.)</subfield>
  </datafield>
  <datafield tag="035" ind1=" " ind2=" ">
   <subfield code="a">(iLib)UPBAG-00032203504</subfield>
  </datafield>
  <datafield tag="037" ind1=" " ind2=" ">
   <subfield code="a">BC-70121</subfield>
   <subfield code="b">Forefront Book Co., Inc.</subfield>
   <subfield code="c">Php10,682.00</subfield>
   <subfield code="n">DB Faculty</subfield>
  </datafield>
  <datafield tag="040" ind1=" " ind2=" ">
   <subfield code="a">DLC</subfield>
   <subfield code="d">BAG</subfield>
   <subfield code="e">rda</subfield>
  </datafield>
  <datafield tag="041" ind1="0" ind2=" ">
   <subfield code="a">eng</subfield>
  </datafield>
  <datafield tag="090" ind1=" " ind2="0">
   <subfield code="a">QK 570.2</subfield>
   <subfield code="b">N38 2015</subfield>
  </datafield>
  <datafield tag="245" ind1="0" ind2="0">
   <subfield code="a">Natural products from marine algae</subfield>
   <subfield code="b">methods and protocols</subfield>
   <subfield code="c">edited by Dagmar B. Stengel, Solene Connan.</subfield>
  </datafield>
  <datafield tag="264" ind1=" " ind2="1">
   <subfield code="a">New York</subfield>
   <subfield code="b">Humana Press</subfield>
   <subfield code="c">[2015]</subfield>
  </datafield>
  <datafield tag="300" ind1=" " ind2=" ">
   <subfield code="a">xiv, 439 pages</subfield>
   <subfield code="b">illustrations (some color)</subfield>
   <subfield code="c">27 cm</subfield>
  </datafield>
  <datafield tag="336" ind1=" " ind2=" ">
   <subfield code="a">text</subfield>
   <subfield code="2">rdacontent</subfield>
  </datafield>
  <datafield tag="337" ind1=" " ind2=" ">
   <subfield code="a">unmediated</subfield>
   <subfield code="2">rdamedia</subfield>
  </datafield>
  <datafield tag="338" ind1=" " ind2=" ">
   <subfield code="a">volume</subfield>
   <subfield code="2">rdacarrier</subfield>
  </datafield>
  <datafield tag="490" ind1="1" ind2=" ">
   <subfield code="a">Methods in molecular biology</subfield>
   <subfield code="v">1308</subfield>
  </datafield>
  <datafield tag="490" ind1="1" ind2=" ">
   <subfield code="a">Springer protocols</subfield>
  </datafield>
  <datafield tag="504" ind1=" " ind2=" ">
   <subfield code="a">Includes bibliographical references and index.</subfield>
  </datafield>
  <datafield tag="505" ind1="0" ind2=" ">
   <subfield code="a">Marine algae: A source of biomass for biotechnological applications -- Structure and function of macroalgal natural products -- Spectrophotometric assays of major compounds extracted from algae -- Extraction and enrichment of protein from red and green macroalgae -- Extraction and purification of r-phycoerythrin from marine red algae -- Extraction and analysis of mycosporine-like amino acids in marine algae -- Extraction and purification of phlorotannins from brown algae -- Enzyme-enhanced extraction of antioxidant ingredients from algae -- Microwave-assisted extraction of fucoidan from marine algae -- Extraction and analysis of oxylipins from macroalgae illustrated on the example gracilaria vermiculophylla -- Lipids and fatty acids in algae: Extraction, fractionation into lipid classes, and analysis by gas chromatography coupled with flame ionization detector (GC-FD) -- HRMAS NMR analysis of algae and identification of molecules of interest via conventional 1d and 2d nmr: Sample preparation and optimization of experimental conditions -- Extraction, purification, and NMR analysis of terpenes from brown algae -- Extraction, isolation, and identification of sesquiterpenes from laurencia species -- The use of HPLC for the characterization of phytoplankton pigments -- Characterization of phlorotannins from brown algae by lc-hrms -- Analysis of betaines from marine algae using lc-ms-ms -- Analysis of marine biotoxins using lc-ms/ms -- Fucoidan analysis by tandem maldi-tof and esi mass spectrometry -- Determination of substitution patterns of galactans from green seaweeds of the bryopsidales -- Structural characterization of a hybrid carrageenan-like sulfated galactan from a marine red alga furcellaria lumbricalis -- Characterization of alginates by nuclear magnetic resonance (NMR) and vibrational spectroscopy (IR, NIR, RAMAN) in combination with chemometrics -- Imaging and identification of marine algal bioactive compounds by surface enhanced raman spectroscopy (SERS) -- In vitro protocols for measuring the antioxidant capacity of algal extracts -- Disk diffusion assay to assess the antimicrobial activity of marine algal extracts -- Screening of a marine algal extract for antifungal activities -- Protocol for assessing antifouling activities of macroalgal extracts.</subfield>
  </datafield>
  <datafield tag="650" ind1=" " ind2="0">
   <subfield code="a">Marine natural products</subfield>
   <subfield code="v">Laboratory manuals.</subfield>
  </datafield>
  <datafield tag="650" ind1=" " ind2="0">
   <subfield code="a">Marine algae</subfield>
   <subfield code="v">Laboratory manuals.</subfield>
  </datafield>
  <datafield tag="650" ind1=" " ind2="0">
   <subfield code="a">Marine algae</subfield>
   <subfield code="v">Biotechnology.</subfield>
  </datafield>
  <datafield tag="700" ind1="1" ind2=" ">
   <subfield code="a">Stengel, Dagmar B.</subfield>
   <subfield code="e">editor.</subfield>
  </datafield>
  <datafield tag="700" ind1="1" ind2=" ">
   <subfield code="a">Connan, Solene, 1976-</subfield>
   <subfield code="e">editor.</subfield>
  </datafield>
  <datafield tag="830" ind1=" " ind2="0">
   <subfield code="a">Methods in molecular biology (Clifton, N.J.)</subfield>
   <subfield code="v">v. 1308.</subfield>
  </datafield>
  <datafield tag="830" ind1=" " ind2="0">
   <subfield code="a">Springer protocols (Series)</subfield>
  </datafield>
  <datafield tag="905" ind1=" " ind2=" ">
   <subfield code="a">FO</subfield>
  </datafield>
  <datafield tag="852" ind1="0" ind2=" ">
   <subfield code="a">UPBAG</subfield>
   <subfield code="b">UPBAG-MAIN</subfield>
   <subfield code="h">QK 570.2 N38 2015</subfield>
  </datafield>
  <datafield tag="942" ind1=" " ind2=" ">
   <subfield code="a">Book</subfield>
  </datafield>
 </record>
</collection>
